000 00427nam a2200145Ia 4500
008 230917s9999||||xx |||||||||||||| ||und||
040 _e57591
_aMAIN
041 _aEnglish
082 _a294.1 C349C
100 _aChakraborty, Chhanda
245 0 _aCommon life in the rgveda and atharvaveda: An account of the folklore in the vedic period
260 _aCalcutta
_bPunthi Pustak
_c1977
300 _axxii, 278 p.
942 _cBK
999 _c186379
_d186379